000 00289nam a2200121Ia 4500
008 190216s9999||||xx |||||||||||||| ||und||
100 _aHerzberg Paul A
245 0 _aPrinciples Of Sattistics
260 _bJohn Wiley & Sons
_c1983
300 _a513p
650 _aMathematics
942 _cBK
999 _c30976
_d30976